Statistics for Top 20 Goalscorers in Champions League 1990-present

Click here to take the quiz!

General Stats

  • This quiz has been taken 33 times
  • The average score is 17 of 25

Answer Stats

CountryAnswerGoals% Correct
1Portugal 2003-Cristiano Ronaldo134
100%
2Argentina 2005-Lionel Messi120
100%
3Poland 2011-Robert Lewandowski73
100%
4France 2006-Karim Benzema71
96%
8Ukraine 1994-2012Andriy Shevchenko48
93%
12Ivory Coast 2003-2015Didier Drogba44
93%
9Sweden 2001-2017Zlatan Ibrahimovic48
89%
5Spain 1995-2011Raul71
86%
6Netherlands 1998-2009Ruud van Nistelrooy56
86%
7France 1997-2012Theirry Henry50
86%
10Germany 2008-Thomas Muller48
86%
14Brazil 2013-Neymar41
82%
25Egypt 2013-Mohamed Salah28
79%
15Argentina 2008-Sergio Aguero41
79%
13Italy 1995-2009Alessandro Del Piero42
71%
18Netherlands 2002-2018Arjen Robben31
71%
16Uruguay 2011-Edinson Cavani35
71%
20England 2004-2015Wayne Rooney30
68%
22France 1997-2009David Trezeguet29
43%
17Spain 1997-2009Fernando Morientes33
36%
19Senegal 1999-2014Samuel Eto'o30
36%
21Brazil 2003-2014Kaka30
29%
24Netherlands 1994-2006Patrick Kluivert29
18%
11Italy 1997-2012Filippo Inzhagi46
11%
23Netherlands 2000-2007Roy Makaay29
7%

Score Distribution

Percentile by Number Answered

Percent of People with Each Score

Your Score History

You have not taken this quiz